| 000 | 00427nam a2200205Ia 4500 | ||
|---|---|---|---|
| 001 | 13239 | ||
| 003 | GE_BSU | ||
| 008 | 181216s||||||||xx |||||||||||||| ||und|| | ||
| 020 | _a9780007310326 | ||
| 040 | _cGE_BSU | ||
| 080 | _a821.111-312.4 | ||
| 100 | _aCornwell,Bernard. | ||
| 245 | _aHeretic. | ||
| 260 | _aLondon. | ||
| 260 | _bHarper. | ||
| 260 | _c2004 | ||
| 300 | _a435p;19cm. | ||
| 653 | _aHeretic. | ||
| 942 | _cBK | ||
| 999 |
_c46403 _d46403 |
||